000 01031nam a22002417a 4500
005 2009111306196.0
008 091113t xxu||||| |||| 00| 0 eng d
010 _aENG-95499
020 _a9788131306512
_c895.00
035 _aEN-78032
037 _bDBAD/PUB
040 _aDPL
100 _aSingh, Sita Ram
245 _aAgro Diversity and cropping pattern
_c by Sita Ram Singh
_b(Issues and Challenges)
260 _aNew Delhi
_bAPH. Publishing Corporation
_c2009
270 _a4435-36/7 Ansari Road, Darya Ganj
_bNew Delhi
_e110002
300 _a 297p.
_c22 cm.(Hb)
500 _aIncluddes bibliogrephial refernces
856 _uhttp://www.loc.gov/catdir/toc/ecip0721/2007025342.html
942 _2ddc
_cEN
_mSIN
999 _c31935
_d31935